000 00510nam a2200169Ia 4500
008 110201s9999 xx 000 0 und d
082 _bB3850
_aK 1618
100 _aरानडे जयंत
245 _aब्लड रिव्हर
260 _bपुजा प्रकाशन
365 _b10
600 _aरानडे जयंत
630 _aब्लड रिव्हर
700 _aरानडे जयंत
730 _aब्लड रिव्हर
942 _cBOOK
999 _c830394
_d830391